000 00528nam a2200133Ia 4500
008 171212s9999 xx 000 0 und d
020 _a9781760460822
100 _ade Rachewiltz, Igor;Narangoa, Li
245 _cde Rachewiltz, Igor;Narangoa, Li
_aJoro's Youth
_bThe first part of the Mongolian epic of Geser Khan
260 _bANU E Press
_c2017
650 _aGesar (Legendary character); Epic literature, Tibetan -- Translations into English
650 _aLanguage & Literature
856 _uhttp://jstor.org/stable/j.ctt1q1crq2
999 _c351178
_d351178